Construyendo la nueva agenda de la Educación a Distancia / (Registro nro. 3136)

Detalles MARC
000 -LEADER
fixed length control field 01098nam a2200265 a 4500
008 - CAMPO DE CONTROL (LIBRO)
fixed length control field 111021s2007 ag ||||f |||| 001 0 spa d
020 ## - INTERNATIONAL STANDARD BOOK NUMBER
ISBN 9789876010252
041 ## - CODIGO DE IDIOMA
Código de idioma del texto/pista de sonido o título separado spa
092 ## - SIGNATURA TOPOGRAFICA DEWEY LOCAL
número de clasificación 371.3
libristica 51
sección MEN
100 1# - ENTRADA PRINCIPAL--NOMBRE PERSONAL
Nombre personal Mena, Marta
Función Comp.
9 (RLIN) 4161
245 ## - TITULO PROPIAMENTE DICHO
Título Construyendo la nueva agenda de la Educación a Distancia /
Mención de responsabilidad y remanente de la transcripción de la portada Marta Mena
250 ## - MENCION DE EDICION
Mención de edición 1a ed.
260 ## - PIE DE IMPRENTA
Lugar de publicación, distribución, etc Buenos Aires:
Nombre de la editorial, distribuidor, etc La Crujia;
Fecha de publicación 2007.
300 ## - DESCRIPCION FISICA
Extension 330 p.
Dimensiones 22x16 cm.
500 ## - NOTA GENERAL
Nota general Mena, M. (2007). Construyendo la nueva agenda de la Educación a Distancia Marta Mena. (1a ed.). Buenos Aires : La Crujia.
590 ## - NOTAS LOCALES (RLIN)
Nota local Donación Sánchez, Susana. Mayo 2022
653 ## - TÉRMINO INDIZADO - PALABRAS CLAVES
Palabra clave Agenda actual de la educación a distancia
653 ## - TÉRMINO INDIZADO - PALABRAS CLAVES
Palabra clave Aseguramiento de la calidad de la Educación Superior a Distancia
653 ## - TÉRMINO INDIZADO - PALABRAS CLAVES
Palabra clave Procesos de acreditación en la Educación Virtual
653 ## - TÉRMINO INDIZADO - PALABRAS CLAVES
Palabra clave Tensión Globalizacion-Contextualización
653 ## - TÉRMINO INDIZADO - PALABRAS CLAVES
Palabra clave Imagen social de la Educación a Distancia
653 ## - TÉRMINO INDIZADO - PALABRAS CLAVES
Palabra clave Reconfiguración estructural de las instituciones de Educación a Distancia
653 ## - TÉRMINO INDIZADO - PALABRAS CLAVES
Palabra clave Nuevo modelos pedagógico
942 ## - ADDED ENTRY ELEMENTS (KOHA)
Source of classification or shelving scheme Dewey Decimal Classification
Item type Libros
Existencias
Estado de retiro Existencia Fuente de clasificación Estado general No para prestamo Ubicación permanente ubicación actual Sala de ubicación Fecha de adquisición Fuente de adquisición Total Checkouts Número de clasificación Código de barras Date last seen Número de ejemplar Price effective from Koha tipo de elemento (item) Public note Coded location qualifier
    Dewey Decimal Classification     Biblioteca Medicina Biblioteca Medicina Circulación 16/05/2022 Donación Sánchez, Susana. Mayo 2022   371.3 51 MEN 4772 16/05/2022 Ej. 1 16/05/2022 Libros Donación Sánchez, Susana. Mayo 2022  

UNIVERSIDAD NACIONAL DEL COMAHUE
Biblioteca de la Facultad de Ciencias Médicas
Sede Toschi: Los Arrayanes y Av. Toschi, Cipolletti  - Rio Negro
Sede Los Tordos:  Yrigoyen al 2211, Cipolletti - Rio Negro 

Teléfono: 0299 - 4774707 int 25
Contacto: biblioteca@facimed.uncoma.edu.ar
© 2011 - 2026